Reprezentacje grające w Inazuma Eleven GO - Statystyki

Ogólne statystyki
  • Ten quiz został rozwiązany 52 razy
  • Średni wynik to 5 z 8
Statystyki odpowiedzi
Nazwa reprezentacji Państwo % Poprawnych
Inazuma Japan Japonia
100%
Ognisty Smok Korea Południowa
91%
Wielkie Fale Australia
84%
Pustynne Lwy Katar
72%
Sabry Arabia Saudyjska
65%
Burzowe Wilki Uzbekistan
42%
Meczowe Tygrysy Tajlandia
33%
??? Zjednoczone Emiraty Arabskie
16%
Nie znaleziono quizów pasujących do podanych kryteriów
Rozkład punktacji
Procent ludzi z każdym wynikiem
Percentyl według liczby udzielonych odpowiedzi
Twoja historia wyników
Nie rozwiązałeś tego quizu